000 00818nas a2200265 4500
001 BR5400288
003 BR-BrBNA
005 20231205081946.0
007 ta
008 230509b bl.|||p| |||| 00| 00por d
040 _aBR-BrBNA
_bpor
_cBiblioteca Nacional de Agricultura
041 _a(Pt)
072 _aL73
100 1 _aBauer, A.G.
111 1 _a6. Congresso de Veterinaria
_cCuritiba, PR (Brazil)
_dNov 1953
245 1 _aPrimeira constatacao do mal de Aujeszky no Rio Grande do Sul [Brasil]
650 _aBOVINO
650 _aDOENCA DE AUJESZKY
650 _aDIAGNOSTICO
650 _aVIRUS
650 _aRIO GRANDE DO SUL
773 0 _tBoletim da Diretoria da Producao Animal (Brazil)
_x
_g(Mar 1954), v. 10(18) p. 23-24
_wBR5400288
909 _a202311
_bLúcia
_c55
_dLúcia Elande
942 _2AGRIS
_n0
_cANA
999 _c88137
_d88137